00812nam a2200277 a 4500001001300000003000900013005001700022008004100039020001000080082001700090100002100107245008000128260003500208300000900243500003500252505001000287650002000297650001900317650002900336700001600365700001600381902000800397942000700405952010900412999001300521nice12345678IN_TiNIC20260116011307.0050524s1935 pooa grp 000 0 eng  ac10000a294.542bABB aAbbott, Justin E aNectar from Indian Saints, an English Transl. of Mahipati`s Marathi, Bhakta aPoonabAryabhushan Pressc1935 a478p aincludes index and biblioraphy2 aindex aMysticism-Hindu aBhaktalilamrit aSaints-Hinduism-Mahipati1 aN R Godbole1 aJ F Edwards bSRS cBK 00104070aHMIbHMId2007-07-24g100.00l1o294.542 ABBp00811r2018-04-02s2018-03-13w2026-01-16yEB c238d238